书目信息 |
| 题名: |
施工现场常用垂直运输设备施工技术标准
|
|
| 作者: | ;中国建筑第八工程局有限公司 | |
| 分册: | ||
| 出版信息: | 北京 中国建筑工业出版社 2017.06 |
|
| 页数: | 132页 | |
| 开本: | 20cm | |
| 丛书名: | ||
| 单 册: | ||
| 中图分类: | TU732-65 | |
| 科图分类: | ||
| 主题词: | 建筑工程--施工机具 | |
| 电子资源: | ||
| ISBN: | ||
| 000 | 00796nam0 2200205 45 | |
| 001 | 1959742152 | |
| 005 | 20190314163756.42 | |
| 010 | @dRMB 20.00 | |
| 100 | @a20190314d2017 km y0chiy0120 ea | |
| 101 | 0 | @achi |
| 102 | @aCN@b110000 | |
| 200 | 1 | @a施工现场常用垂直运输设备施工技术标准@Ashi gong xian chang chang yong chui zhi yun shu she bei shi gong ji shu biao zhun@eZJQ08-SGJB 004-2017@f中国建筑第八工程局有限公司@Fzhong guo jian zhu di ba gong cheng ju you xian gong si |
| 210 | @a北京@c中国建筑工业出版社@d2017.06 | |
| 215 | @a132页@d20cm | |
| 517 | @aZJQ08-SGJB 004-2017 | |
| 606 | 0 | @a建筑工程@x施工机具 |
| 690 | @aTU732-65@v4 | |
| 711 | 02 | @a中国建筑第八工程局有限公司@Azhong guo jian zhu di ba gong cheng ju you xian gong si |
| 801 | 0 | @aCN@bPFT@c20190314 |
| 905 | @a10447@dTU732-65@eZ567 | |
| 施工现场常用垂直运输设备施工技术标准:ZJQ08-SGJB 004-2017/中国建筑第八工程局有限公司.-北京:中国建筑工业出版社,2017.06 |
| 132页;20cm |
| ISBN :RMB 20.00 |
| ● |
| 相关链接 |
|
|
|
正题名:施工现场常用垂直运输设备施工技术标准
索取号:TU732-65/Z567
 
预约/预借
| 序号 | 登录号 | 条形码 | 馆藏地/架位号 | 状态 | 备注 |
| 1 | 1305613 | 213056137 | 建筑库201/201建筑库 107排4列4层/ [索取号:TU732-65/Z567] | 在馆 |